000 00621cab a2200217 4500
001 WB2322-30
008 090401t1987 xxu||||| |||| 00| 0 eng d
035 _a(Sirsi) u7374
041 _aeng
245 _aSmaller portfolios give better return
260 _c1987
350 _a0
490 _aEstates Times
_v(897) 5/6/87 p2
520 _aA study by Jones Lang Wootton shows that small property portfolios are showing almost twice the return of larger ones.
650 _aINVESTMENT
650 _aPROPERTY BONDS
650 _aYIELDS
690 _aPROPERTY LAW AND PRACTICE
942 _n0
948 _c04/03/1997
999 _c4449
_d4449